| 000 | 00466nam a2200157 i 4500 | ||
|---|---|---|---|
| 001 | 82646 | ||
| 003 | ES-MaACL | ||
| 007 | t| | ||
| 008 | 041111s1984 sp ||||1| spa d | ||
| 020 | _a84-505-0566-6 | ||
| 245 | 0 | 0 | _aIniciación al estudio del Derecho Comunitario Europeo. |
| 260 |
_aMadrid : _bConsejo General del Poder Judicial, _c1984. |
||
| 300 |
_aXI, 399 p. ; _c24 cm. |
||
| 500 | _aApénd. legislativo: p. 251-399. | ||
| 852 |
_aES-MaACL _jL-8687 _bR.108923 |
||
| 999 |
_c82646 _d82646 |
||